MDQL
is popping MORE tags! Check the
thread
!
Quizzes
Events
Quiz Creation
Community
Videos
Private Events
Remove Ads
Sign In
Join for FREE
Feedback
Dark Mode
Quiz Categories
Sports
Geography
Music
Movies
Television
Just For Fun
Miscellaneous
History
Literature
Language
Science
Gaming
Entertainment
Religion
Holiday
For Kids
Quiz Lab
Recent
Popular Today
Quiz Kudos Today
Editor Picks
Curator Picks
Quizzes by...
Day
Popularity
Type
Ratings
Length
Year
Community
Subscriptions
Recent Discussions
Orange Saloon
Badges
Playlists
Quests
Create
Leaderboards
Showdown
Live 5
Trivia Bingo
Activity
Puzzle Library
Sporcle Events
Private Events
Virtual Trivia
Globe League
Become a Host
Pub Owners
SporcleCon
Opinionation
Our Games
Videos
Blog
Mobile Apps
Partnerships
Remove Ads and Go Orange
Feedback
Music
Pop Music
The Beatles
Song
Album
Lyrics
Bands
Singers
Artist
Clip
Rock
Rap
Classical
Billboard
Country Music
Kpop
Taylor Swift
Music
Pop Music
The Beatles
Song
Album
Lyrics
Bands
Singers
Artist
Clip
Rock
Rap
Classical
Billboard
Country Music
Kpop
Taylor Swift
Random Quiz
Search Sporcle
×
Quiz Lab
Quiz Lab
Music
German
Type in answers that appear in a list
Type in answers that appear in a list
Classic
Best Score? Go Orange.
Name the Classical Composer (by works) Stats
Can you name the Name the Classical Composer (by works)
By
2016boneill
10m
22 Questions
113 Plays
113 Plays
113 Plays
Comments
Comments
Give Quiz Kudos
Give Quiz Kudos
-
- Ratings
hide this ad
More Info
Forced Order
Answers have to be entered in order
Answers have to be entered in order
Replay
Link that replays current quiz
Next Quiz
Link to next quiz in quiz playlist
You Got
0%
They Got
Avg Score
55%
Avg Friend Score
Upgrade to see
Score Distribution
Jump to the score distribution portion of the page
Score
0/22
Timer
10:00
0
Plays Today
Work Name
Name of Composer
% Correct
The Magic Flute
Wolfgang Amadeus Mozart
91.2%
Hallelujah Chorus from The Messiah
George Frederic Handel
90.3%
By the Beautiful Blue Danube Op314
Johann (II) Strauss
88.5%
Pomp and Circumstance March No. 4 in G Op.39
Edward Elgar
85%
In the Hall of the Mountain King from Peer Gynt Suite
Edvard Grieg
85%
Uranus from The Planets
Gustav Holst
81.4%
William Tell Overture
Gioachino Rossini
81.4%
The Bridal Chorus from Lohengrin
Richard Wagner
72.6%
La Boheme
Giacomo Puccini
72.6%
Flower Duet from Lakme
Leo Delibes
65.5%
The Liberty Bell
John Philip Sousa
60.2%
Work Name
Name of Composer
% Correct
The Lark Ascending
Ralph Vaughan Williams
58.4%
Ballet Music No. 2. from Rosamunde
Franz Schubert
50.4%
St Antony Chorale from Variations on a Theme by Haydn
Johannes Brahms
47.8%
Warum? from Fantasiestuecke Op.12.
Robert Schumann
45.1%
Silent Night
Franz Xaver Gruber
40.7%
Troika from Lieutenant Kije
Sergei Prokofiev
38.1%
Kyrie from Nelson Mass
Franz Joseph Haydn
32.7%
Morgenblaetter
Johann (II) Strauss
18.6%
The Count of Luxembourg
Franz Lehar
12.4%
Das Land des Lächelns
Franz Lehar
11.5%
God Rest Ye Merry Gentlemen
William Sandys
1.8%
Quiz Playlist
Details
Report
Send in Message
Add To Playlist
More Info:
N.B. Answers may repeat!
Classic:
Type in answers that appear in a list
Forced Order:
Answers have to be entered in order
Last Updated: Aug 16, 2017
Quiz Scoreboard
CHALLENGE
Sign Up to Join the Scoreboard
Show All
Scores
Hide
Comments
May contain spoilers
Recently Published
Holiday 10x10 Sorting Gallery
by lukepisani3
Holiday
15m
Two Season TV Shows II
by 123Four
Television
10m
Image Sorting: Flags VI
by Barbecue
Geography
2m
More to Explore
Quiz From the Vault
Featured Blog Post
14 Easter Pick-up Lines to Find Eggs With
hide this ad
You Might Also Like...
Tags
Classical Quiz
German Quiz
Baroque
Baroque Composers
Classics Library
Composers
culture
good
name
old
Today's Top Quizzes in Music
Browse Music
hide this ad
Today's Top Quizzes in German
Browse German
Top Contributed Quizzes in Music
1
5X2 Blitz: Bands II
2
Taylor Swift All Songs (2024)
3
5X2 Blitz: The Beatles
4
5X2 Blitz: Billboard
5
Music Artist by Three 2010s hits
6
5X2 Blitz: Billboard II
7
5X2 Blitz: Album
8
5X2 Blitz: Rock
9
5X2 Blitz: Singers
10
5X2 Blitz: Lyrics
Explore More
Trending Topics
Disney
Anime
Crossword
Kpop
Harry Potter
Marvel
NBA
Pokémon
Song
NFL
WWE
The Office
Soccer
Puzzle
Country
hide this ad
More By:
2016boneill
Quiz
Plays
Rating
Category
Featured
Created
German Verbs: Present Tense
3,814
4.75
Language
Nov 5, 2012
Name the Classical Composer (by works)
113
3.75
Music
Jan 26, 2014
70s lyrics
81
2.33
Music
Jul 15, 2012
Which singer?
65
3.00
Music
Aug 4, 2012
Go to Creator's Profile
Score Distribution
Quiz Creator Spotlight
2016boneill
Follow
Send a Message
Quizzes Created
-
Created Quiz Play Count
-
More By This Creator
Popular Quizzes Today
1
Find the US States - No Outlines Minefield
2
Colored Red Africa Blitz
3
Find the 'City' Movie
4
The Countries of the World
5
5x2 Blitz: Bands
6
Find the US States
7
Find the Countries of Europe - No Outlines Minefield
8
US States
More Music Quizzes
1970s Album Title Beginnings
Quiz Lab
Trending Quizzes
Colored Red Europe Blitz I
Colored Red Europe Blitz II
Colored Red Africa Blitz II
Colored Red Europe Blitz III
Colored Red Africa Blitz III
Recently Updated
Odd Team Out - Big 4 Players
pecheneg
Quick Pick: 20 Twenties
pecheneg
March Madness Men's Triple Doubles
pecheneg
How Do You Spell That?
pecheneg
Godzilla Movies
pecheneg
Grab Bag: 4-10 Letters
pecheneg
2024 March Madness Bracket
pecheneg
Famous TV Couples
Peacemaker
Champions League XIs: Real Madrid
pecheneg
Largest US Cities 1790-2010
pecheneg
Trending Topics
Anime
Kpop
NBA
Harry Potter
Disney
Crossword
Marvel
Puzzle
The Office
Song
Pokémon
Country
Soccer
NFL
WWE
Your Account Isn't Verified!
In order to create a playlist on Sporcle, you need to verify the email address you used during registration. Go to your
Sporcle Settings
to finish the process.
Report this User
Report this user for behavior that violates our
Community Guidelines
.
Details:
Send Report
Go to the Sporcle.com Mobile Site →
Comments